[Event "WYCC 2018 O16"]
[Site "Halkidiki"]
[Date "2018.10.21"]
[Round "2"]
[White "Talukdar, Rohan"]
[Black "Vestby-Ellingsen, Mads"]
[Result "1/2-1/2"]
[WhiteElo "2279"]
[BlackElo "2410"]
[Annotator "TA"]
[PlyCount "127"]
[EventDate "2018.10.20"]
[EventType "swiss"]
[EventCountry "GRE"]
[SourceTitle "playchess.com"]
[Source "ChessBase"]
[SourceQuality "1"]

{[%evp 27,127,0,0,0,0,0,12,-13,-3,0,-1,-8,-8,-8,-14,-14,0,0,24,16,19,14,17,23,22,0,0,0,11,16,22,0,6,6,8,-1,1,-3,-3,-3,-9,-12,0,0,0,0,0,0,0,0,0,0,0,0,2,0,0,0,0,0,0,0,0,0,0,0,0,0,8,8,8,8,8,8,8,8,29,26,358,313,533,496,708,758,759,366,321,0,0,0,0,0,0,0,0,0,0,0,0,0,0,0]} 1. e4 e5 2. Nf3 Nc6 3. Bc4 Bc5 4. d3 Nf6 5. Nbd2 O-O 6. Bb3 a6 7. O-O d6 8. c3 Ba7 9. h3 h6 10. Re1 Re8 11. Nf1 Be6 12. Ng3 d5 {C54: Giuoco Piano: 4 c3 Nf6, main lines with 5 d4 and 5 d3} (12... Bxb3 13. Qxb3 Qd7 14. Be3 Bxe3 15. Rxe3 d5 16. Rae1 dxe4 17. dxe4 Na5 18. Qc2 Rad8 19. b3 Nc6 20. R3e2 {½-½ (52) Harikrishna,P (2762)-Matlakov,M (2691) Germany 2017}) 13. Qe2 Qd7 14. Bc2 Rad8 {LiveBook: 35 Games} 15. Be3 Bxe3 16. Qxe3 {[#]} Qe7 $146 ({Predecessor:} 16... d4 17. Qd2 Qd6 18. Red1 Kh7 19. Ba4 b5 {½-½ (40) Zubov,A (2619)-Nikolov,M (2531) Arad 2015}) 17. Nh4 dxe4 18. Nhf5 Qd7 19. dxe4 {aiming for Rad1.} Qd2 20. Re2 (20. Qxd2 {looks sharper.} Rxd2 21. Ne3 Red8 22. f3 Ne7 23. a3) 20... Qxe3 21. Nxe3 Ne7 {[%cal Bc6e7,Be7g6,Bg6f4][%mdl 32]} 22. Ree1 Ng6 23. Red1 Nf4 24. a3 g6 25. f3 Kf8 26. Kf2 Nd7 27. Ne2 Nxe2 28. Kxe2 c6 29. Rd2 Ke7 30. Rad1 h5 31. c4 a5 32. Nd5+ cxd5 33. cxd5 Nf8 {Hoping for ...Bd7.} 34. dxe6 Nxe6 35. Rxd8 Rxd8 36. Rxd8 Kxd8 $11 {[%mdl 4096] Endgame KB-KN} 37. h4 Ke7 38. Ke3 Nd4 39. Bd1 f6 40. f4 Kd6 41. g4 hxg4 42. Bxg4 Nc2+ 43. Kd2 Nd4 44. Ke3 Nc2+ 45. Kd2 Nd4 46. f5 gxf5 47. exf5 Ke7 48. a4 Kf7 49. Kd3 b6 50. Kc4 Kg7 51. Kd5 Kf7 52. Kd6 Kg7 $2 {[%mdl 8192] [#]} (52... b5 $1 $11) 53. Kc7 $18 e4 $2 (53... b5 54. axb5 Nxb5+ 55. Kb6 Nd6) 54. Kxb6 e3 (54... Nb3 $142 55. Kb5 Kf8) 55. Kxa5 Nxf5 56. Kb6 (56. Kb5 $142 {And now a5 would win.} Nxh4 57. Bd1) 56... Nxh4 57. a5 $2 ({White should try} 57. Kc5 $18) 57... f5 $11 {The position is equal.} 58. Be2 f4 59. a6 f3 60. Bxf3 Nxf3 61. a7 e2 62. a8=Q e1=Q 63. Qxf3 {[#] Qc3+ is the strong threat.} Qb4+ 64. Kc7 {Precision: White = 71%, Black = 54%.} 1/2-1/2

[Event "WYCC 2018 O16"]
[Site "Halkidiki"]
[Date "2018.10.21"]
[Round "2"]
[White "Loiacono, Leonardo"]
[Black "Teclaf, Pawel"]
[Result "1/2-1/2"]
[WhiteElo "2277"]
[BlackElo "2384"]
[Annotator "TA"]
[PlyCount "114"]
[EventDate "2018.10.20"]
[EventType "swiss"]
[EventCountry "GRE"]
[SourceTitle "playchess.com"]
[Source "ChessBase"]
[SourceQuality "1"]

{[%evp 16,114,32,25,34,17,38,37,33,16,18,24,26,16,2,-62,12,-27,-20,-20,0,0,0,0,0,-7,0,0,0,0,21,0,0,0,0,0,36,19,24,43,21,9,30,32,54,25,25,31,114,116,120,-6,0,0,-4,-8,0,0,0,0,7,4,23,28,30,33,35,37,42,19,22,20,22,20,21,15,15,15,16,0,15,14,13,12,12,12,21,14,18,24,27,11,18,18,7,0,0,0,8,0,0]} 1. d4 e6 2. c4 b6 3. Nc3 Bb7 4. a3 Nf6 5. d5 exd5 6. cxd5 g6 7. g3 Bg7 8. Bg2 O-O 9. Nh3 {LiveBook: 7 Games} Na6 {A50: Queen's Fianchetto Defence (1 d4 Nf6 2 c4 b6)} 10. O-O Re8 11. Rb1 Nc5 {White is slightly better.} 12. Bg5 $146 ({Predecessor:} 12. b4 Nfe4 13. Na2 Na6 14. Bb2 Bxb2 15. Rxb2 c6 16. Nf4 Nc7 17. dxc6 dxc6 {1-0 (25) Swiercz,D (2620)-Ehlvest,J (2535) Berlin 2015}) 12... h6 13. Be3 Nfe4 14. Nxe4 Nxe4 15. Qc1 (15. Nf4 $11) 15... Kh7 (15... g5 $1 $15 16. Rd1 Nd6) 16. Qc4 Nd6 17. Qd3 a5 18. b4 axb4 19. axb4 b5 20. Nf4 Nc4 21. Bd4 Ra3 22. Qd1 d6 23. e3 Ra2 24. Bxg7 Kxg7 25. Ra1 Rb2 (25... Rd2 $5 {[%cal Rd2d1]} 26. Qc1 Qf6 $11) 26. Ra7 Bc8 $1 27. Qa1 $36 {[%mdl 2048] [#] Strongly threatening Nd3. White has good play.} Qf6 28. Rb1 {White wants to play Rxb2.} Rxb1+ 29. Qxb1 Bf5 30. Qa1 Re7 31. Ne2 Ne5 (31... Qxa1+ $14 32. Rxa1 Nb6) 32. Nd4 $16 Bd3 33. Nf3 ({White should try} 33. Ra8 $16) 33... Nxf3+ 34. Bxf3 Qxa1+ 35. Rxa1 $11 {[%mdl 4096] Endgame KRB-KRB} Kf6 36. Bg2 Ke5 37. f4+ Kf5 38. Kf2 Be4 39. Bf3 Bd3 40. Ra5 g5 41. h3 {[%cal Bh2h3,Bh3h4,Bh4h5][%mdl 32]} Bc4 42. Ra8 Kg6 43. h4 gxf4 44. gxf4 f5 45. h5+ Kg7 46. Rb8 Kf7 47. Ra8 Kg7 48. Ra1 Kf6 49. Rg1 Rg7 50. Re1 Re7 51. Ra1 Rf7 52. Ra8 Kg7 $1 53. Ke1 Re7 {The position is equal.} 54. Kd2 Kf7 55. Rb8 Re8 56. Rb7 Re7 57. Rb8 Re8 {Precision: White = 62%, Black = 57%.} 1/2-1/2

[Event "WYCC 2018 O16"]
[Site "Halkidiki"]
[Date "2018.10.21"]
[Round "2"]
[White "Peng, Hongchi"]
[Black "Gatineau, Yovann"]
[Result "1-0"]
[WhiteElo "2273"]
[BlackElo "2376"]
[Annotator "TA"]
[PlyCount "57"]
[EventDate "2018.10.20"]
[EventType "swiss"]
[EventCountry "GRE"]
[SourceTitle "playchess.com"]
[Source "ChessBase"]
[SourceQuality "1"]

{[%evp 9,57,0,60,70,220,212,229,235,235,227,216,214,298,219,254,249,250,267,260,256,256,249,284,269,335,329,320,271,454,449,772,755,732,603,916,852,1075,1071,1081,633,1104,1091,1266,1224,1481,1428,1700,2615,2585,2519]} 1. e4 e5 2. Bc4 Nf6 3. d3 c6 4. Nf3 d5 5. Bb3 dxe4 ({Black should play} 5... Bd6 $11) 6. Ng5 $14 {[#] C24: Bishop's Opening: 2...Nf6} Bc5 (6... Be6 $1 $14 {[%mdl 512]}) 7. Nxf7 $18 (7. Bxf7+ Ke7 $14) 7... Qb6 8. O-O {White is clearly better.} (8. Nxh8 $2 Bxf2+ 9. Kf1 Bg4 $19) 8... O-O $146 ({Predecessor:} 8... Bg4 9. Qe1 O-O 10. Ng5+ Kh8 11. Nxe4 Nxe4 12. dxe4 Rxf2 13. Rxf2 Nd7 {1-0 (65) Himanshu,S (2391)-Sivanandan,B (2467) Hyderabad 2005}) 9. Nxe5+ Kh8 {[#]} 10. Nc3 $1 Bd4 11. Nc4 Qc7 12. Nxe4 Ng4 {[%csl Gg4][%cal Rc7h2] [#]} 13. g3 $1 (13. Ncd6 Nxf2 14. Nxf2 (14. Rxf2 Bxf2+ 15. Kh1 Bd4 $11) 14... Qxd6 $16) 13... b5 14. Ncd2 {[%cal Bc4d2,Bd2f3,Bf3h4][%mdl 32]} Qe5 15. Nf3 Qh5 {Threatens to win with ...Rxf3!} 16. Nh4 ({Weaker is} 16. Bf4 Bxb2 17. Re1 Nd7 $18) 16... Nd7 17. c3 Bb6 18. h3 Nde5 $2 (18... Ndf6) 19. d4 {[%cal Bd3d4,Bd4e5][%mdl 32] White is clearly winning.} ({Avoid the trap} 19. hxg4 $2 Bxg4 20. d4 (20. Qc2 {leads to mate.} Nf3+ 21. Kh1 Nxh4 22. Nf6 gxf6 23. Bg5 fxg5 24. gxh4 Bf3+ 25. Kh2 Qxh4+ 26. Kg1 Qh1#) 20... Bxd1 $19) 19... Bd8 (19... Ng6 $142 20. hxg4 Bxg4) 20. dxe5 Bxh4 21. gxh4 Bf5 22. Ng5 Qxh4 23. hxg4 Bxg4 24. Qd3 Rf5 25. Qg3 Qh5 26. f4 {[%cal Bf2f4,Bf4g5][%mdl 32]} Raf8 27. Be3 Rxg5 28. fxg5 {[%cal Rf1f8]} Bf3 {[#]} 29. Qg2 $1 {Precision: White = 100%, Black = 33%.} 1-0

[Event "WYCC 2018 O16"]
[Site "Halkidiki"]
[Date "2018.10.21"]
[Round "2"]
[White "Thilakarathne, G M H"]
[Black "Schitco, Ivan"]
[Result "1/2-1/2"]
[WhiteElo "2268"]
[BlackElo "2376"]
[Annotator "TA"]
[PlyCount "40"]
[EventDate "2018.10.20"]
[EventType "swiss"]
[EventCountry "GRE"]
[SourceTitle "playchess.com"]
[Source "ChessBase"]
[SourceQuality "1"]

{[%evp 13,40,24,31,32,20,10,33,14,27,-9,34,21,27,33,37,34,45,35,18,0,0,0,3,0,41,31,35,36,104]} 1. e4 e5 2. Nf3 Nc6 3. Bc4 Nf6 4. d3 h6 5. O-O d6 6. c3 g5 {C55: Zweispringerspiel} 7. Re1 Bg7 {LiveBook: 14 Partien} 8. h3 $146 ({Vorgänger:} 8. a4 O-O 9. Na3 Ne7 10. Nc2 c6 11. d4 Qc7 12. Bd3 Ng6 13. Ne3 Re8 14. dxe5 dxe5 {0-1 (34) Nasuta,G (2490)-Wojtaszek,R (2730) Poland 2018}) 8... g4 9. hxg4 Bxg4 10. Nbd2 Qd7 11. Nf1 Na5 12. Bb3 Nxb3 13. axb3 h5 14. d4 exd4 15. e5 (15. Qxd4 {keeps more tension.} Bxf3 16. gxf3 Kf8 17. e5 Ne8 18. Bf4) 15... dxe5 16. Nxe5 Bxd1 17. Nxd7+ Kxd7 18. Rxd1 Ne4 19. Be3 Nd6 20. Bxd4 Rhg8 {Precision: Weiß = 54%, Schwarz = 75%.} ({Günstiger ist} 20... Bxd4 $14 21. Rxd4 h4) 1/2-1/2

[Event "WYCC 2018 O16"]
[Site "Halkidiki"]
[Date "2018.10.21"]
[Round "2"]
[White "Mukhutdinov, Tigran"]
[Black "Sankalp Gupta"]
[Result "0-1"]
[WhiteElo "2256"]
[BlackElo "2352"]
[Annotator "TA"]
[PlyCount "80"]
[EventDate "2018.10.20"]
[EventType "swiss"]
[EventCountry "GRE"]
[SourceTitle "playchess.com"]
[Source "ChessBase"]
[SourceQuality "1"]

{[%evp 23,80,0,12,0,0,0,14,25,87,-1,116,125,128,105,112,14,37,0,0,0,0,0,0,0,0,0,64,72,83,62,72,28,18,0,0,-115,-104,-181,-146,-492,-492,-395,-443,-431,-414,-1289,-1289,-1265,-1254,-1206,-1105,-1001,-989,-1338,-922,-29997,-29998,-29998,-29999]} 1. e4 {[%cal Be2e4,Be4e5][%mdl 32]} e6 2. d4 d5 3. Nc3 Nf6 4. e5 Nfd7 5. f4 c5 6. Nf3 Nc6 7. Be3 Be7 8. Qd2 O-O 9. dxc5 Nxc5 {C11: Französische Verteidigung} (9... Qa5 10. a3 Bxc5 11. O-O-O Rd8 12. Bxc5 Nxc5 13. h4 Bd7 14. h5 h6 15. g4 Be8 16. Qe3 d4 17. Nxd4 Nxd4 18. Rxd4 {½-½ (26) Inarkiev,E (2689)-Volkov,S (2645) St Petersburg 2017}) 10. O-O-O a6 11. Qf2 Qa5 12. Kb1 Bd7 {LiveBook: 5 Partien} 13. h4 {[%cal Bh2h4,Bh4h5][%mdl 32]} Rfc8 14. h5 Na7 15. Qd2 Qc7 (15... Nc6 $11) 16. Bd3 $146 (16. f5 $16) ({Vorgänger:} 16. Bxc5 Bxc5 17. h6 {1-0 (75) Morozov,D (2360)-Karasova,E (2074) ICCF email 2008}) 16... b5 (16... Nxd3 $11 {hält das Gleichgewicht.} 17. Qxd3 h6) 17. Bxc5 Qxc5 18. Ne2 b4 19. Nfd4 ({Natürlich nicht} 19. Bxa6 $6 Rc7 $11) (19. g4 $1 $16) 19... Nb5 $11 20. Bxb5 axb5 21. Nc1 Ra6 22. g4 Rca8 23. Ndb3 Qa7 $40 {[%cal Ra6a2][%mdl 128] Schwarz startet einen Angriff.} 24. Qd4 Rxa2 (24... h6 $11) 25. Nxa2 $14 Qxa2+ 26. Kc1 Rc8 {[%cal Ba8c8,Bc8c4,Bc4f4][%mdl 32]} 27. Rh3 f6 {[%cal Bf7f6,Bf6g5,Bg5g4,Bg4g3][%mdl 32] Und weiter mit ...fxe5 wäre nett.} 28. g5 fxg5 29. Rg1 (29. f5 $11 {bleibt in der Remisbreite.}) 29... Rc4 $17 30. Qb6 (30. Qf2 $17 {war angesagt.} gxf4 31. Qg2) 30... Rxf4 $19 {Und ...g4 würde nun gewinnen.} 31. Qc7 $2 {[%mdl 8192]} (31. Rhg3 $17 {ist eine bessere Chance.} Qa8 32. Qc7) 31... g4 $1 {...Lg5 ist eine echte Drohung.} 32. Qxd7 {[#]} Bg5 $1 {[%cal Rf4f1]} 33. Re3 {[#] zielt auf Txg4! ab.} d4 $1 {[%cal Bd5d4,Bd4e3][%mdl 32]} 34. Rge1 (34. h6 $142 gxh6 35. Qxe6+ Rf7 36. Qxg4 dxe3 37. Qe2) 34... dxe3 35. Qxe6+ Rf7 36. Re2 g3 37. Qh3 Qa6 38. e6 Ra7 {( -> ...Da1+!)} 39. Kd1 {[#]} Qa1+ $1 {[%mdl 512]} 40. Nc1 {[#]} (40. Nxa1 Rxa1#) 40... Qxc1+ $1 {[%mdl 512] Precision: Weiß = 37%, Schwarz = 66%.} 0-1

[Event "WYCC 2018 O16"]
[Site "Halkidiki"]
[Date "2018.10.21"]
[Round "2"]
[White "Juksta, Karolis"]
[Black "Koustav Chatterjee"]
[Result "0-1"]
[WhiteElo "2234"]
[BlackElo "2344"]
[Annotator "TA"]
[PlyCount "74"]
[EventDate "2018.10.20"]
[EventType "swiss"]
[EventCountry "GRE"]
[SourceTitle "playchess.com"]
[Source "ChessBase"]
[SourceQuality "1"]

{[%evp 13,74,25,25,25,42,35,27,-9,12,-7,-7,-7,-7,-8,0,-9,0,-4,0,-5,0,0,0,0,14,13,52,0,0,0,0,-53,0,-49,-36,-150,-36,-29,-30,-8,-16,-132,0,-5406,-5418,-5397,-5389,-2184,-1421,-29972,-29973,-29973,-29972,-29972,-29973,-29972,-29972,-29972,-29972,-29997,-29998,-29998,-29999]} 1. d4 Nf6 2. c4 e6 3. Nc3 Bb4 4. e3 b6 5. Nge2 c5 6. a3 Ba5 7. Rb1 Qe7 8. d5 {E42: Nimzo-Indian: Rubinstein: 4...c5 5 Ne2} exd5 9. cxd5 O-O 10. Nf4 {White has an edge.} Bb7 $146 (10... Ne4 {keeps more tension.} 11. Bd2 Bxc3 12. Bxc3 d6 13. Be2 Nxc3 14. bxc3 Nd7) ({Predecessor:} 10... Ne4 11. Bd2 Bxc3 12. bxc3 Qh4 13. g3 Qf6 14. Qc2 Nxd2 15. Qxd2 d6 {½-½ (26) Shulman,Y (2490)-Dydyshko,V (2495) Minsk 1995}) 11. Bd3 (11. Bd2 {seems wilder.} Re8 12. Nh5 Nxh5 13. Qxh5 Ba6 14. Bxa6 Nxa6 15. O-O) 11... Bxc3+ 12. bxc3 Nxd5 13. Nxd5 Bxd5 {[#]} 14. Bxh7+ $1 {[%mdl 512]} Kxh7 15. Qxd5 Nc6 16. O-O Qe6 17. Rd1 Ne5 18. e4 c4 19. Rd4 Rfe8 20. Be3 (20. f3 $14) 20... Qg6 $11 {aiming for ...Nf3+.} 21. Kh1 Rac8 {[%cal Ba8c8,Bc8c5,Bc5a5][%mdl 32]} 22. h3 ({Better is} 22. Qb7 $11) 22... Rc5 $15 23. Qb7 Ra5 24. f4 {[#]} (24. Ra1 $1 $15) 24... Nc6 ({Black should play} 24... Nf3 $1 $17 {[%cal Rf3d4]} 25. gxf3 Qg3) 25. f5 Qg3 $36 {[%mdl 2048] Black fights for an advantage.} 26. Qxd7 Nxd4 27. Qxe8 (27. Bxd4 $11 Rxe4 28. Qxf7) 27... Nf3 (27... Qxe3 $17 28. cxd4 Rxf5) 28. gxf3 $4 {[%mdl 8192]} (28. Bg1 $11 Nh4 29. Rb2 Qxc3 30. Qxf7 Qxb2 31. Qh5+ Kg8 32. Qe8+ Kh7 33. Qh5+ Kg8 34. Qe8+ Kh7 35. Qh5+) 28... Qxf3+ $19 29. Kh2 Qe2+ 30. Kh1 Qxe3 {[%mdl 4096] Endgame KQR-KQR} 31. Rf1 Qxh3+ {Black mates.} 32. Kg1 Qg3+ 33. Kh1 Rxa3 34. Qxf7 Qh3+ 35. Kg1 Qg4+ 36. Kf2 Ra2+ 37. Ke3 Re2+ {Precision: White = 37%, Black = 66%.} 0-1

[Event "WYCC 2018 O16"]
[Site "Halkidiki"]
[Date "2018.10.21"]
[Round "2"]
[White "Quirhuayo Chumbe, German Gonzalo"]
[Black "Guerra Rivera, Salvador"]
[Result "1-0"]
[WhiteElo "2220"]
[BlackElo "2340"]
[Annotator "TA"]
[PlyCount "91"]
[EventDate "2018.10.20"]
[EventType "swiss"]
[EventCountry "GRE"]
[SourceTitle "playchess.com"]
[Source "ChessBase"]
[SourceQuality "1"]

{[%evp 11,91,11,18,14,18,13,16,12,6,13,14,12,11,22,21,18,183,154,180,172,183,119,117,78,72,78,47,32,64,29,55,69,61,60,106,29,48,51,95,69,156,147,148,139,306,288,479,451,870,872,29986,29983,29982,29983,29984,690,658,627,1512,1379,1885,1659,1849,1750,1694,1607,29969,29970,29971,1509,29972,29972,29969,29970,29965,12453,29961,7706,29979,29980,29980,29981]} 1. e4 {[%cal Be2e4,Be4e5][%mdl 32]} e6 2. d4 d5 3. Nd2 Be7 4. Ngf3 Nf6 5. e5 Nfd7 6. Bd3 c5 7. c3 {C03: French Tarrasch: Unusual Black 3rd moves} b6 8. O-O Ba6 9. Ne1 {The position is equal.} Bxd3 10. Nxd3 Nc6 11. Qg4 g6 12. Nf3 h5 13. Qg3 {[#]} g5 $146 (13... c4 $11 14. Nde1 b5) ({Predecessor:} 13... c4 14. Nde1 h4 {1-0 (47) Adams,M (2694)-Lemos,D (2556) Caleta 2010}) 14. Bxg5 Bxg5 15. Nxg5 (15. Qxg5 Qxg5 16. Nxg5 cxd4 $11) 15... cxd4 {[#]} 16. f4 ({Don't do} 16. Qf4 $6 Qe7 $16) (16. Nxe6 $1 $18 {[%mdl 512]} fxe6 17. Qg6+ Kf8 18. Qxe6) 16... h4 17. Qh3 {Strongly threatening Nxf7!} dxc3 18. bxc3 Qe7 19. Nf3 Nc5 20. Nxc5 bxc5 21. Rab1 O-O-O 22. Ng5 Kc7 {[#]} 23. Qe3 (23. c4 $1 $16) 23... Rb8 $1 $11 24. Rxb8 Rxb8 25. f5 {[%cal Bf4f5,Bf5f6][%mdl 32]} Nd8 (25... exf5 $14 26. e6 fxe6) 26. f6 $36 {[%mdl 2048] Black is under strong pressure.} Qf8 27. Nh7 d4 $2 (27... Qe8 $16 {might work better.}) 28. cxd4 $18 (28. Nxf8 dxe3 29. Re1 Nc6 $17) 28... Qg8 $2 {[#]} (28... Qe8 {was worth a try.} 29. Rc1 (29. dxc5 Qc6 $18) 29... Qd7) 29. Ng5 $1 cxd4 (29... Rb2 $142 30. Qc1 (30. dxc5 Qg6 $16) 30... h3 31. Qxc5+ Kb8) 30. Rc1+ Kb7 31. Qe4+ Ka6 32. Qd3+ Kb7 33. Ne4 (33. Qf3+ $142 Ka6 34. Ne4 Qf8 35. Nd6 Qxd6 36. exd6 Rb5 37. d7 Rb6 38. Qa3+ Kb7 39. Qe7) 33... Ka8 34. Nd6 {Threatens to win with Qf3+.} Qg5 35. Qe4+ Nb7 36. Rc7 Qe3+ 37. Qxe3 dxe3 38. Nxb7 Rxb7 {[%mdl 4096] Endgame KR-KR} 39. Rc8+ Rb8 40. Rxb8+ Kxb8 {KP-KP} 41. Kf1 Kc7 42. Ke2 Kc6 43. Kxe3 Kd5 44. Kf4 a5 45. g4 hxg3 46. hxg3 {Precision: White = 80%, Black = 38%.} 1-0

[Event "WYCC 2018 O16"]
[Site "Halkidiki"]
[Date "2018.10.21"]
[Round "2"]
[White "Onslow, Alfie"]
[Black "Wachinger, Nikolas"]
[Result "0-1"]
[WhiteElo "2037"]
[BlackElo "2360"]
[Annotator "TA"]
[PlyCount "77"]
[EventDate "2018.10.20"]
[EventType "swiss"]
[EventCountry "GRE"]
[SourceTitle "playchess.com"]
[Source "ChessBase"]
[SourceQuality "1"]

{[%evp 21,77,8,25,26,36,5,7,10,10,-32,0,0,0,0,0,-11,-13,0,-8,-56,0,-88,-87,-93,-89,-93,-91,-114,-96,-120,-95,-106,67,70,97,-314,-297,-343,-342,-334,-31,-37,-45,-52,24,-84,-51,-65,0,0,0,0,0,0,0,-612,-594,-172]} 1. e4 c5 2. Nf3 d6 3. d4 Nf6 4. Nc3 cxd4 5. Nxd4 a6 6. Bg5 Nbd7 7. Qe2 {B94: Sicilian Najdorf: 6 Bg5 Nbd7} h6 8. Bh4 g6 9. f4 e5 (9... Qc7 10. O-O-O Bg7 11. g4 e5 12. fxe5 Nxe5 13. h3 Be6 14. Qf2 Nfd7 {½-½ (26) Carlsen,M (2842)-Svidler,P (2753) Biel 2018}) 10. fxe5 dxe5 11. O-O-O Qc7 {LiveBook: 85 Games} 12. Nb3 b5 13. Nd5 Nxd5 14. exd5 Bd6 15. Qd2 $146 f5 16. g4 f4 (16... fxg4 $6 17. Bd3 $16) 17. Bd3 Kf7 {[#] Threatens to win with ...g5.} 18. g5 {next gxh6 is good for White.} h5 19. Bf2 Nb6 $36 {[%mdl 2048] Black is more active.} 20. Be4 Bg4 (20... Nc4 $15 21. Qd3 Rg8) 21. Rde1 (21. Qd3 $11) 21... Nc4 $17 22. Qd3 Rhg8 23. h3 Bd7 24. Kb1 a5 {[%cal Ba6a5,Ba5a4][%mdl 32]} 25. Rd1 a4 {[#]} 26. Nc5 $1 {[%mdl 512]} Be8 $2 (26... Bxc5 $17 27. d6 Bxd6 28. Bxa8 Rxa8 29. Qd5+ Kg7 30. Qxa8 Bc6) 27. Ne6 $14 Qa5 28. Bf3 $2 {[%mdl 8192]} (28. a3 $16 {keeps the pressure on.}) 28... Qb4 $19 {[%csl Gc4][%cal Rb4b2]} 29. b3 {Black must now prevent Be1.} axb3 30. Qxb3 Nd2+ $2 ({Black should try} 30... Ra3 $19 31. Qxb4 Bxb4) 31. Rxd2 $1 $15 Qxd2 32. Bc5 $1 Ke7 (32... Bxc5 $15 33. Nxc5 Kg7) 33. Nc7 (33. Rd1 $11 {remains equal.} Qa5 34. Qb2) 33... Ra4 34. Nxb5 ({Avoid the trap} 34. Rd1 $2 Qa5 $19) 34... Bxb5 (34... Bxc5 $15 35. Qxa4 Bd7) 35. Qxb5 $11 {Hoping for Qb7+.} Bxc5 36. Qxc5+ Kf7 37. Qc7+ Kf8 {Strongly threatening ...Qd4.} 38. Qd8+ $2 {[%mdl 8192]} (38. d6 $11 Qb4+ 39. Ka1 Rxa2+ 40. Kxa2 Qa4+ 41. Kb1 Qb4+ 42. Kc1 (42. Ka2 Qa4+ 43. Kb1 Qb4+ 44. Kc1 Qa3+ 45. Kb1 Qb4+ $11) 42... Qa3+ 43. Kb1 Qb4+ 44. Kc1 (44. Ka2 Qa4+ 45. Kb1 Qb4+ $11) 44... Qa3+ 45. Kb1 Qb4+) 38... Kg7 $19 {( -> ...Rb4+)} 39. Qe7+ {Precision: White = 33%, Black = 41%.} 0-1

[Event "WYCC 2018 O16"]
[Site "Halkidiki"]
[Date "2018.10.21"]
[Round "2"]
[White "Stefan, Victor"]
[Black "Morgunov, Daniel"]
[Result "1-0"]
[WhiteElo "1998"]
[BlackElo "2328"]
[Annotator "TA"]
[PlyCount "85"]
[EventDate "2018.10.20"]
[EventType "swiss"]
[EventCountry "GRE"]
[SourceTitle "playchess.com"]
[Source "ChessBase"]
[SourceQuality "1"]

{[%evp 22,85,56,35,125,102,121,108,120,115,118,116,159,129,293,297,297,327,317,316,303,326,347,342,304,316,348,312,354,351,345,344,337,310,290,249,251,242,248,248,424,413,411,404,518,652,642,641,637,634,683,682,651,685,660,675,668,630,880,854,960,962,959,953,1133,1144]} 1. Nf3 Nf6 2. c4 g6 3. Nc3 Bg7 4. e4 d6 5. d4 O-O 6. Be2 e5 7. d5 a5 8. Bg5 Na6 9. Nd2 Qe8 10. g4 {E92: King's Indian: Classical: 6 Be2 e5: 7 dxe5, 7 Be3 and Petrosian System without 7...Nbd7} (10. a3 h6 11. Be3 Bd7 12. b3 Nh7 13. O-O f5 14. f3 Kh8 15. Rb1 Nc5 16. Qc2 b6 17. b4 Nb7 18. Nb5 {1-0 (94) Stocek,J (2566)-McShane,L (2640) Katowice 2017}) 10... Nd7 11. h4 {[%cal Bh2h4,Bh4h5][%mdl 32]} Ndc5 12. h5 {LiveBook: 3 Games. White is slightly better.} Nb4 $146 (12... f5 $14) ({Predecessor:} 12... f5 13. gxf5 gxf5 14. a3 Bd7 15. b3 Kh8 16. Qb1 Bf6 17. Bh6 Bg7 {0-1 (39) Marjanovic,D (2346)-Pavlidis,A (2539) Skopje 2015}) 13. Nb3 Na4 14. Nxa4 Qxa4 15. a3 Na6 16. Qd3 Qd7 17. Qh3 $1 Bh8 $2 (17... h6 $16 {was called for.}) 18. c5 $1 $18 a4 {[#]} 19. c6 $1 {[%mdl 512]} bxc6 20. hxg6 fxg6 21. dxc6 $1 {White wants to mate with Bc4+.} Qg7 ({Wrong is} 21... Qf7 $2 22. Bc4 $1 $18 {[%mdl 512]}) 22. Bc4+ Rf7 23. Bf6 Qxf6 24. Qxh7+ $1 Kf8 25. Bxf7 {White threatens Qg8+ and mate.} Qg7 26. Qxh8+ ({Not} 26. Bxg6 Qxh7 27. Rxh7 axb3 $18) 26... Qxh8 27. Rxh8+ Kxf7 28. Nd2 Kg7 29. Rd8 Nc5 {[#]} 30. O-O-O $1 Ne6 $2 (30... Bb7) 31. Re8 Kf7 32. Rh8 Kg7 33. Rdh1 {White is clearly winning.} Nf8 34. g5 Rb8 35. Nb1 Ba6 {[#]} 36. R1h7+ $1 {[%mdl 512]} Nxh7 37. Rxb8 Nxg5 {[%mdl 4096] Endgame KRN-KBN} 38. Nc3 Ne6 39. Ra8 Nc5 40. Ra7 Kf8 41. Rxc7 Nb3+ 42. Kd1 Nd4 43. Ra7 {Precision: White = 86%, Black = 35%.} 1-0

[Event "WYCC 2018 O16"]
[Site "Halkidiki"]
[Date "2018.10.21"]
[Round "2"]
[White "Loukopoulos, Panagiotis-Athanasi"]
[Black "Kalavannan, Koby"]
[Result "0-1"]
[WhiteElo "1988"]
[BlackElo "2365"]
[Annotator "TA"]
[PlyCount "56"]
[EventDate "2018.10.20"]
[EventType "swiss"]
[EventCountry "GRE"]
[SourceTitle "playchess.com"]
[Source "ChessBase"]
[SourceQuality "1"]

{[%evp 12,56,30,7,19,8,14,-11,-13,-19,40,56,74,70,62,9,0,0,0,0,-6,0,0,0,0,0,0,0,0,-95,-78,-83,0,0,0,0,16,-6,-17,-39,-26,-24,-33,-404,-412,-827,-818]} 1. e4 c5 2. Nc3 Nc6 3. Bb5 Nd4 4. Nf3 e6 5. O-O a6 6. Bd3 Nc6 {B30: Sicilian: 2...Nc6 3 Bb5, lines without ...g6} 7. b3 {LiveBook: 20 Games} g5 {[%cal Bg7g5,Bg5g4][%mdl 32]} (7... Nge7 8. Bb2 Ng6 9. Re1 Be7 10. Nd5 exd5 11. exd5 O-O 12. dxc6 dxc6 13. Bxg6 hxg6 14. a4 {½-½ (81) Grischuk,A (2772)-Harikrishna,P (2744) Huaian 2017}) 8. Bb2 Bg7 {The position is equal.} 9. Qc1 g4 10. Ne1 $1 Nd4 $146 (10... Nf6 $11) ({Predecessor:} 10... Nb4 11. Be2 Ne7 12. Bxg4 Rg8 13. Bh3 Ng6 14. d3 {1-0 (64) Handke,F (2496)-Kiuttu,R (2107) ICC INT 2009}) 11. Ne2 $14 Ne7 12. Nxd4 cxd4 13. c3 (13. f3 $14) 13... d5 $11 14. cxd4 dxe4 15. Bxe4 f5 16. d5 Bxb2 17. Qxb2 O-O 18. Bc2 Qxd5 19. Nd3 Ng6 20. Qc3 (20. f3 $11) 20... Bd7 21. Qc5 {[#]} Rac8 (21... Bc6 $1 $17 {[%csl Gc6][%cal Rd5g2]} 22. Qxd5 Bxd5) 22. Qxd5 exd5 23. Rac1 a5 24. Rfe1 Kg7 25. b4 Bb5 $36 {[%mdl 2048] Black has the initiative.} 26. Nc5 {[#] Hoping for Ne6+.} Nf4 {And now ...Ne2+ would win.} 27. Bb3 $2 {[%mdl 8192]} (27. Bxf5 $1 $15 Rxf5 28. Ne6+ Nxe6 29. Rxc8) 27... b6 $19 28. Ba4 (28. Ne6+ $142 Nxe6 29. Rxc8 Rxc8 30. h3) 28... Bxa4 {Precision: White = 32%, Black = 69%.} 0-1